000
00310nam a22001337a 4500
003
OSt
005
20170105103446.0
008
131203t xxu||||| |||| 00| 0 eng d
020
_a
978-07817-7324-9
040
_c
ASAB
100
_a
Emanuel Rubin
_9
380
245
_a
Essentials of Rubin's Pathology
942
_2
ddc
_c
BK
999
_c
16650
_d
16650